Missiological approach to the Meitei / (Record no. 2455)

MARC details
000 -LEADER
fixed length control field 00463nam a22001697a 4500
003 - CONTROL NUMBER IDENTIFIER
control field GBCCL
005 - DATE AND TIME OF LATEST TRANSACTION
control field 20241126110429.0
008 - FIXED-LENGTH DATA ELEMENTS--GENERAL INFORMATION
fixed length control field 170816b xxu||||| |||| 00| 0 eng d
040 ## - CATALOGING SOURCE
Transcribing agency gbc
082 ## - DEWEY DECIMAL CLASSIFICATION NUMBER
Classification number 266.0095417
Item number PUD
100 ## - MAIN ENTRY--PERSONAL NAME
Relationship Pudaite, Jacob
245 ## - TITLE STATEMENT
Title Missiological approach to the Meitei /
Statement of responsibility, etc. Jacob Pudaite
260 ## - PUBLICATION, DISTRIBUTION, ETC.
Place of publication, distribution, etc. Churachandpur :
Name of publisher, distributor, etc. Jacob Pudaite,
Date of publication, distribution, etc. 2017.
300 ## - PHYSICAL DESCRIPTION
Extent 152 p. ;
650 ## - SUBJECT ADDED ENTRY--TOPICAL TERM
Topical term or geographic name entry element Missions
Geographic subdivision Manipur
-- India
9 (RLIN) 5090
942 ## - ADDED ENTRY ELEMENTS (KOHA)
Source of classification or shelving scheme Dewey Decimal Classification
Koha item type Books
Koha issues (borrowed), all copies 51
Holdings
Withdrawn status Lost status Source of classification or shelving scheme Damaged status Not for loan Home library Current Library Shelving location Date acquired Total checkouts Full call number Barcode Date last seen Date last checked out Copy number Price effective from Koha item type Total renewals
    Dewey Decimal Classification     GRACE BIBLE COLLEGE GRACE BIBLE COLLEGE North East Collection 2017-08-16 11 266.0095417 PUD 014436 2026-01-16 2026-01-15 c.1 2017-08-16 Books  
    Dewey Decimal Classification     GRACE BIBLE COLLEGE GRACE BIBLE COLLEGE North East Collection 2017-08-16 7 266.0095417 PUD 014437 2025-05-01 2025-02-19 c.2 2017-08-16 Books  
    Dewey Decimal Classification     GRACE BIBLE COLLEGE GRACE BIBLE COLLEGE North East Collection 2017-08-16 14 266.0095417 PUD 014438 2025-05-01 2025-02-19 c.3 2017-08-16 Books  
    Dewey Decimal Classification     GRACE BIBLE COLLEGE GRACE BIBLE COLLEGE North East Collection 2017-08-16 17 266.0095417 PUD 014439 2026-02-23 2026-02-13 c.4 2017-08-16 Books  
    Dewey Decimal Classification     GRACE BIBLE COLLEGE GRACE BIBLE COLLEGE North East Collection 2017-08-16   266.0095417 PUD 014440 2025-05-01   c.5 2017-08-16 Books  
    Dewey Decimal Classification     GRACE BIBLE COLLEGE GRACE BIBLE COLLEGE North East Collection 2023-01-16 11 266.0095417 PUD 020337 2025-09-26 2025-09-24 c.6 2023-01-16 Books 1
© Grace Bible College Library 2025